000 00717nam a2200265Ia 4500
001 Para_4897
003 CHAP
008 220125s1927 xx 000 0 und d
010 _a201870
040 _cCHAP
090 _aPA FOLLETO 2893
100 _aIngram, J. W.
_958356
245 _aInsects injurious to the rice crop /
_c J. W. Ingram
260 _aWashington :
_b Department of Agriculture
300 _a16 p.
440 _aEUA. Dept. Agr. Farmers' Bull; 1543
_9166835
650 _aArroz
_x Plagas
_97643
901 _aPA FOLLETO 2893
902 _aA
905 _a0000001927 WAS 0000000000 00
910 _a1927
942 _cPARA
942 _cPARA
_d1
999 _c201870
_d201870